|
|
|
|
| LEADER |
00892ncm a22002652a 4500 |
| 001 |
001231189 |
| 003 |
CZ BrMZK |
| 005 |
20120717075525.0 |
| 007 |
qu |
| 008 |
120717s1920 xr |||||||||||||||||zxx d |
| 040 |
|
|
|a BOA001
|b cze
|
| 072 |
|
7 |
|a 787
|x Hudba pro strunné a smyčcové nástroje
|2 Konspekt
|9 9
|
| 100 |
1 |
|
|a Vlach, Jan,
|d 1936-2008
|7 mzk2007390570
|4 cmp
|
| 245 |
1 |
0 |
|a Julie
|h [hudebnina] :
|b třasák ; Šoteček : mazurka ; Sen : třasák /
|c Jan Vlach. První polibek / Emil Šolc
|
| 260 |
|
|
|a Jablonec n. Jiz. :
|b Hnyk,
|c [1920?]
|
| 300 |
|
|
|a 14 hlasů
|
| 500 |
|
|
|a Hudba smyčcová
|
| 700 |
1 |
|
|a Šolc, Emil,
|d 1861-1931
|7 jk01130695
|4 cmp
|
| 740 |
0 |
2 |
|a Šoteček
|
| 740 |
0 |
2 |
|a Sen
|
| 740 |
0 |
2 |
|a První polibek
|
| 910 |
|
|
|a BOA001
|b Mus4-0586.558
|
| 990 |
|
|
|a MU
|
| 991 |
|
|
|b 201207
|
| 996 |
6 |
|
|b 2619097788
|c Mus4-0586.558
|l MZK
|r Sklad / do 1 hodiny
|n 0
|w 001264989
|u 000010
|a 1
|e BOA001
|j MZK50
|s P
|